000 00736nam a2200205Ia 4500
003 GCL
008 140319s9999 xx 000 0 ara d
040 _aGCL /
_cGCL
082 0 4 _a415.5
_bز م
100 1 _aالزجاجى : ابو القاسم عبدالرحمن بن اسحاق النهاوندى البغدادى
245 1 0 _aماينصرف ومالاينصرف /
_cالزجاجى : ابو القاسم عبدالرحمن بن اسحاق النهاوندى البغدادى
700 1 _aهدى محمود قراعة
260 _a[S.N] :
_bمكتبة الخانجى ،
_c1994
300 _a287 ص
490 _a
650 0 4 _aالنحو
650 0 4 _aاللغة العربية
650 0 4 _aالصرف
942 _2ddc
_cBK
999 _c36888
_d36888